000 00387cam a2200157ua 4500
020 _cRs.1
041 _aeng
_h
082 _a922.94
_bRAD/GA
100 _aRadhakrishnan, S .
245 _aGautama Budhan /
_cRadha krishnan.
_hTextual Documents
260 _akottayam :
_bNational book stall ,
_c1957.
300 _a82 ; .
365 _aRs.1
504 _a
999 _c11670
_d11670